000 00729nam-a2200181-a-4500
001 YSU0082458
003 AM-YeHGA
005 20250617161123.0
008 981116s1965 xxu 000 0 rus u
040 _aAM-YeHGA
245 1 0 _aИсследования космического пространства /
_cРед. Г.А. Скуридин и др.
260 _aМосква :
_bНаука ,
_c1965.
300 _a622 с.
440 0 _aТруды всесоюзной конференции по физике космического пространства. Москва, 10-16 июня 1965г.
650 4 _aКосмическое пространство
700 1 0 _aСкуридин, Г.А.
_4edt
090 _c469129
999 _c465924
_d465924